Statystyki dla Mistrzostwa Świata 2006

Kliknij tutaj aby rozwiązać quiz!

Ogólne statystyki

  • Ten quiz został rozwiązany 214 razy
  • Średni wynik to 12 z 22

Statystyki odpowiedzi

PozycjaWłochy% Poprawnych
BRGianluigi Buffon
97%
ŚPOZinedine Zidane
95%
NThierry Henry
82%
ŚPDAndrea Pirlo
77%
ŚOFabio Cannavaro
77%
BRFabien Barthez
73%
NFrancesco Totti
71%
ŚOMarco Materazzi
69%
POGianluca Zambrotta
55%
ŚPDGennaro Gattuso
54%
PPFranck Ribery
51%
LOFabio Grosso
49%
NLuca Toni
49%
ŚPDClaude Makelele
47%
ŚPDPatrick Vieira
47%
ŚOLilian Thuram
46%
LPFlorent Malouda
36%
ŚPOMauro Camoranesi
33%
POWilly Sagnol
30%
LOEric Abidal
27%
ŚOWilliam Gallas
26%
ŚPOSimone Perrotta
14%

Rozkład punktacji

Percentyl według liczby udzielonych odpowiedzi

Procent ludzi z każdym wynikiem

Twoja historia wyników

Nie rozwiązałeś tego quizu